000 00565nam a2200169Ia 4500
008 090711s9999 xx 000 0 und d
082 _b1818
100 _aउाgऎष्णाबाई
245 _aअनिरुध्द प्रवाह
260 _bआत्माराम छापखाना
_c1937
300 _a134
600 _aउाgऎष्णाबाई
630 _aअनिरुध्द प्रवाह
700 _aउाgऎष्णाबाई
730 _aअनिरुध्द प्रवाह
942 _cBOOK
999 _c305310
_d305310